000 00732nam a2200181Ia 4500
008 100921s9999 xx 000 0 und d
082 _b17689
_a410 थ 81
100 _aजोशी वसंत सखाराम.
245 _aभाषा व साहित्य: संशोधन.
260 _bमहाराष्ट्र साहित्य परिषद,पुणे.
_c1981
300 _a585
_b---
365 _b30
520 _aभाषा-भाषाशास्त्र.
630 _aभाषा व साहित्य: संशोधन.
650 _aभाषा-भाषाशास्त्र.
730 _aभाषा व साहित्य: संशोधन.
942 _cBOOK
999 _c766802
_d766799